000 00982nam a2200229Ia 4500
001 155.2-MOR gi tr (16053)
003 IT-MiSPE
008 171229s9999||||xx |||||||||||||| ||und||
040 _aIT-MiSPE
_cIT-MiSPE
041 _aITALIANO
100 _aGirolamo Moretti
245 0 _aTrattato di Grafologia
_bIntelligenza - Sentimento
250 _a13a ed.
260 _aPadova
_bEMP
_c1980
300 _aXXIV, 652 p.
_c25 cm
500 _aGrafologia
501 _aEdizioni San Paolo srl - Piazza Soncino, 5 - 20092 CINISELLO BALSAMO (MI) (non commercial uses only) ® Copyright 2018
520 _aIll.
942 _cBK
957 _71
999 _a2429
_bNO
_g Copie: 1
_c337063
_d337063